000 00276nam a2200121Ia 4500
008 220216s9999 xx 000 0 und d
100 _aRodway H
245 0 _aRubber to the rescue
260 _bRubber Developments
_c1977
300 _a9-Jun
650 _aRubber
942 _cJS
999 _c68074
_d68074